[Event "FIDE World Bl Team Pool A"]
[Site "London ENG"]
[Date "2025.06.14"]
[Round "11.3"]
[White "Southcott-Moyers, Indy"]
[Black "Muetsch, Annmarie"]
[Result "1/2-1/2"]
[WhiteTitle "FM"]
[BlackTitle "WIM"]
[WhiteElo "2289"]
[BlackElo "2271"]
[WhiteTeam "Turkish Airlines Sports Club"]
[BlackTeam "¡Ållez-Y Initiative!"]
[WhiteFideId "488542"]
[BlackFideId "12971367"]
[EventDate "2025.06.14"]
[EventType "team"]

1. d4 d6 2. c4 e5 3. Nf3 Nd7 4. Nc3 g6 5. e4 Bg7 6. Be2 Ngf6 7. O-O O-O 8. Re1
c6 9. Be3 Re8 10. d5 c5 11. Nd2 a6 12. Rb1 Rf8 13. a3 Ne8 14. b4 b6 15. a4 f5
16. f3 Bf6 17. a5 cxb4 18. Rxb4 bxa5 19. Rb1 Bg5 20. Bf2 Nc5 21. Nb3 Nxb3 22.
Qxb3 Nf6 23. c5 fxe4 24. fxe4 Ng4 25. Bxg4 Bxg4 26. c6 Bd2 27. Rf1 Qg5 28. Na4
Be2 29. Nb6 Rae8 30. c7 Bxf1 31. Rxf1 Rxf2 32. Rxf2 Be3 33. c8=Q Rxc8 34. Nxc8
Bxf2+ 35. Kxf2 Qd2+ 36. Kf1 Qc1+ 37. Kf2 Qd2+ 38. Kg3 Qf4+ 39. Kh3 Qh6+ 40. Kg3
Qf4+ 41. Kh3 Qh6+ 42. Kg3 Qf4+ 43. Kh3 1/2-1/2

[Event "FIDE World Bl Team Pool A"]
[Site "London ENG"]
[Date "2025.06.14"]
[Round "11.4"]
[White "Loftgaard, Mikkel Vinh"]
[Black "Lohia, Sohum"]
[Result "1/2-1/2"]
[WhiteTitle "FM"]
[BlackTitle "FM"]
[WhiteElo "2243"]
[BlackElo "2364"]
[WhiteTeam "¡Ållez-Y Initiative!"]
[BlackTeam "Turkish Airlines Sports Club"]
[WhiteFideId "1468480"]
[BlackFideId "5819369"]
[EventDate "2025.06.14"]
[EventType "team"]

1. e4 e5 2. Nf3 d6 3. d4 exd4 4. Nxd4 Nf6 5. Nc3 g6 6. Be2 Bg7 7. Bg5 h6 8. Be3
O-O 9. Qd2 Kh7 10. O-O-O Nc6 11. h4 Re8 12. h5 g5 13. f4 gxf4 14. Bxf4 Nxd4 15.
Qxd4 Nxh5 16. e5 Nxf4 17. Qxf4 Rxe5 18. Qxf7 Qf6 19. Bd3+ Bf5 20. Bxf5+ Rxf5 21.
Qxc7 Rc5 22. Qxd6 Qxd6 23. Rxd6 Bxc3 24. Rhxh6+ Kg7 25. Rdg6+ Kf7 26. bxc3 Rxc3
27. Rf6+ Ke7 28. Kb2 Rac8 29. Rf2 R8c7 30. Re2+ Kf7 31. g4 R3c5 32. g5 Rxg5 33.
Rh7+ Rg7 34. Rf2+ Kg8 35. Rh4 Rg6 36. Rhf4 Kg7 37. Rh2 Rb6+ 38. Kc1 Rg6 39. Rfh4
Kf6 40. Rf2+ Ke6 41. Re4+ Kd6 42. Rd2+ Kc6 43. Kb2 b6 44. Rc4+ Kb7 45. Rxc7+
Kxc7 46. Rh2 Kc6 47. Kb3 a5 48. a4 Rg5 49. Rh6+ Kc5 50. c3 Rg1 51. Rh5+ Kc6 52.
Rh6+ Kb7 53. Rf6 Rg4 54. Re6 Kc7 55. Rf6 Rh4 56. Rg6 1/2-1/2

[Event "FIDE World Bl Team Pool A"]
[Site "London ENG"]
[Date "2025.06.14"]
[Round "11.5"]
[White "Lu, Miaoyi"]
[Black "Jalving, August"]
[Result "0-1"]
[WhiteTitle "IM"]
[BlackTitle "CM"]
[WhiteElo "2452"]
[BlackElo "2306"]
[WhiteTeam "Turkish Airlines Sports Club"]
[BlackTeam "¡Ållez-Y Initiative!"]
[WhiteFideId "8618020"]
[BlackFideId "1471759"]
[EventDate "2025.06.14"]
[EventType "team"]

1. e4 c5 2. Nf3 d6 3. Nc3 Nf6 4. Be2 e5 5. Bc4 Be7 6. d3 Nc6 7. Bg5 Be6 8. Bxf6
Bxf6 9. Nd5 a6 10. a4 O-O 11. c3 Rb8 12. O-O g6 13. Ne3 Bg7 14. Bxe6 fxe6 15.
Nc2 Qe7 16. b4 Rbd8 17. Qe2 d5 18. b5 Nb8 19. Rfe1 d4 20. cxd4 exd4 21. Na3 Nd7
22. Nc4 g5 23. h3 h6 24. Reb1 Rb8 25. Rb3 Qd8 26. Rab1 Qc7 27. Nh2 Ne5 28. Nxe5
Bxe5 29. Ng4 Bg7 30. bxa6 bxa6 31. Qa2 Rxb3 32. Qxb3 Qd7 33. Qc4 Qf7 34. Rb2 Kh7
35. Qxc5 Qf4 36. Qc2 h5 37. Nh2 g4 38. hxg4 hxg4 39. Nf1 Be5 40. Ng3 Qg5 41. Qc5
Kg6 42. Qxf8 Qc1+ 43. Kh2 Qxb2 44. Qg8+ Kf6 45. Qxg4 Qxf2 46. Qf3+ Qxf3 47. gxf3
Kg5 48. Kg2 Kf4 49. Nh5+ Ke3 50. f4 Bd6 51. f5 exf5 52. exf5 Kxd3 53. f6 Kc2 54.
Ng3 d3 55. Ne4 d2 56. Nxd2 Kxd2 57. Kf3 Kc3 58. Ke2 Kb4 59. Kd3 Kxa4 60. Kc2 Kb4
61. Kb2 Be5+ 0-1

[Event "FIDE World Bl Team Pool A"]
[Site "London ENG"]
[Date "2025.06.14"]
[Round "11.6"]
[White "McCallum, Elliot"]
[Black "Yildiz, Ali Aras"]
[Result "1-0"]
[WhiteElo "1924"]
[BlackElo "2089"]
[WhiteTeam "¡Ållez-Y Initiative!"]
[BlackTeam "Turkish Airlines Sports Club"]
[WhiteFideId "2645718"]
[BlackFideId "51619822"]
[EventDate "2025.06.14"]
[EventType "team"]

1. e4 c5 2. c3 d5 3. exd5 Qxd5 4. d4 g6 5. Nf3 Bg7 6. Nbd2 cxd4 7. Bc4 Qd8 8.
Nxd4 Nf6 9. O-O O-O 10. N2f3 a6 11. Bf4 b5 12. Bb3 Bb7 13. Qe2 Nd5 14. Bg3 e6
15. Rad1 Qb6 16. Be5 Nd7 17. Bxg7 Kxg7 18. Ng5 Rfe8 19. Qf3 N7f6 20. Bxd5 Bxd5
21. Qg3 h6 22. Ngf3 Rad8 23. Qe5 Bc4 24. Rfe1 Rd5 25. Qe3 Rh5 26. Nf5+ exf5 27.
Qxb6 Rxe1+ 28. Rxe1 Bxa2 29. Qxa6 Bc4 30. Ne5 1-0

[Event "FIDE World Bl Team Pool A"]
[Site "London ENG"]
[Date "2025.06.14"]
[Round "11.1"]
[White "Chinguun, Sumiya"]
[Black "Hansen, Eric"]
[Result "0-1"]
[WhiteTitle "FM"]
[BlackTitle "GM"]
[WhiteElo "2415"]
[BlackElo "2609"]
[WhiteTeam "The MongolZ"]
[BlackTeam "ChessbrahTV"]
[WhiteFideId "4902572"]
[BlackFideId "2606771"]
[EventDate "2025.06.14"]
[EventType "team"]

1. e4 e5 2. Nf3 Nc6 3. d4 exd4 4. Nxd4 Bb4+ 5. c3 Be7 6. Be3 Nf6 7. Nxc6 bxc6 8.
Bd3 d5 9. e5 Ng4 10. Bf4 Bc5 11. O-O f6 12. exf6 O-O 13. Bg3 Qxf6 14. Qc2 h5 15.
Bh7+ Kh8 16. Qg6 h4 17. h3 hxg3 18. hxg4 gxf2+ 0-1

[Event "FIDE World Bl Team Pool A"]
[Site "London ENG"]
[Date "2025.06.14"]
[Round "11.2"]
[White "Ragnarsson, Dagur"]
[Black "Reimanis, Ritvars"]
[Result "0-1"]
[WhiteTitle "IM"]
[BlackTitle "IM"]
[WhiteElo "2349"]
[BlackElo "2355"]
[WhiteTeam "ChessbrahTV"]
[BlackTeam "The MongolZ"]
[WhiteFideId "2304058"]
[BlackFideId "11602988"]
[EventDate "2025.06.14"]
[EventType "team"]

1. Nf3 Nf6 2. g3 e6 3. Bg2 d5 4. O-O Be7 5. d3 O-O 6. Nbd2 c5 7. e4 Nc6 8. Re1
Qc7 9. e5 Nd7 10. Qe2 Nd4 11. Nxd4 cxd4 12. Nf3 Bb4 13. Rf1 Bc5 14. h4 Re8 15.
h5 f6 16. Bf4 fxe5 17. Nxe5 Nxe5 18. Bxe5 Bd6 19. Bxd4 Qf7 20. Be5 Bxe5 21. Qxe5
Bd7 22. c4 dxc4 23. dxc4 Rac8 24. b3 b6 25. Rad1 Rc5 26. Qe2 Bc6 27. Bxc6 Rxc6
28. h6 gxh6 29. Rd4 e5 30. Re4 Qf5 31. Re1 Rf6 32. Qe3 Ref8 33. Re2 Re8 34. b4
h5 35. c5 bxc5 36. bxc5 Rfe6 37. Kg2 R8e7 38. Rc2 Rc6 39. Rcc4 Kg7 40. f4 Rce6
41. Rxe5 Rxe5 42. fxe5 Rxe5 43. Qd4 Qf6 44. Qf4 Qc6+ 45. Kf1 Qe6 46. c6 Rf5 47.
c7 Qxc4+ 0-1

[Event "FIDE World Bl Team Pool A"]
[Site "London ENG"]
[Date "2025.06.14"]
[Round "11.3"]
[White "Itgelt, Khuyagtsogt"]
[Black "Delaney, Killian"]
[Result "1-0"]
[WhiteTitle "IM"]
[BlackTitle "FM"]
[WhiteElo "2425"]
[BlackElo "2275"]
[WhiteTeam "The MongolZ"]
[BlackTeam "ChessbrahTV"]
[WhiteFideId "4902912"]
[BlackFideId "2501570"]
[EventDate "2025.06.14"]
[EventType "team"]

1. Nf3 d5 2. g3 Nc6 3. c4 d4 4. Bg2 e5 5. d3 Bb4+ 6. Nbd2 a5 7. O-O Nf6 8. a3
Be7 9. b3 O-O 10. Bb2 h6 11. Re1 Bg4 12. Qc2 Qd7 13. e3 Rfe8 14. exd4 exd4 15.
Ne5 Nxe5 16. Rxe5 c6 17. Nf3 c5 18. Rae1 Bd6 19. Rxe8+ Rxe8 20. Rxe8+ Qxe8 21.
Bc1 b6 22. Qd1 g5 23. h3 Bh5 24. Qf1 Kg7 25. Bd2 g4 26. Nh4 Qe6 27. Qc1 Ng8 28.
Be4 Bg6 29. Nxg6 fxg6 30. hxg4 Qxg4 31. Kg2 h5 32. Bf3 Qe6 33. Bd5 Qe7 34. Bg5
Nf6 35. Bf3 Qe6 36. Qd1 Ng4 37. Bc1 Qe5 38. Bf4 Qe6 39. Bc1 Qe5 40. Qd2 Ne3+ 41.
Kg1 Nf5 42. Be4 Qe6 43. Kg2 Qe5 44. Qg5 Ne7 45. Qh6+ Kf7 46. Bg5 Qg7 47. Qxg7+
Kxg7 48. f4 Kf7 49. a4 1-0

[Event "FIDE World Bl Team Pool A"]
[Site "London ENG"]
[Date "2025.06.14"]
[Round "11.4"]
[White "Vincent, Trevor"]
[Black "Nomin-Erdene, Davaademberel"]
[Result "0-1"]
[BlackTitle "IM"]
[WhiteElo "2226"]
[BlackElo "2293"]
[WhiteTeam "ChessbrahTV"]
[BlackTeam "The MongolZ"]
[WhiteFideId "2605600"]
[BlackFideId "4900782"]
[EventDate "2025.06.14"]
[EventType "team"]

1. Nf3 d5 2. d4 Nf6 3. c4 c6 4. Nc3 dxc4 5. e4 b5 6. Be2 h6 7. O-O a6 8. e5 Nd5
9. Ne4 e6 10. Qc2 Bb7 11. b3 cxb3 12. Qxb3 Nd7 13. a4 Be7 14. axb5 cxb5 15. Ba3
b4 16. Bb2 O-O 17. Nfd2 a5 18. Nc4 N5b6 19. Ncd6 Bd5 20. Qg3 a4 21. Bc1 Kh8 22.
Qh3 f5 23. Ng3 Bg5 24. f4 Be7 25. Qh5 Bxd6 26. exd6 Nf6 27. Qh4 Qxd6 28. Rf3
Bxf3 0-1

[Event "FIDE World Bl Team Pool A"]
[Site "London ENG"]
[Date "2025.06.14"]
[Round "11.5"]
[White "Ulziikhishig Khishigbat"]
[Black "Garcia Martin, Marta"]
[Result "1-0"]
[WhiteTitle "FM"]
[BlackTitle "IM"]
[WhiteElo "2266"]
[BlackElo "2339"]
[WhiteTeam "The MongolZ"]
[BlackTeam "ChessbrahTV"]
[WhiteFideId "4908120"]
[BlackFideId "32084030"]
[EventDate "2025.06.14"]
[EventType "team"]

1. d4 d5 2. c4 e6 3. Nc3 a6 4. cxd5 exd5 5. Nf3 Nf6 6. Bg5 Be6 7. Bxf6 Qxf6 8.
Qb3 Ra7 9. e3 Qd8 10. Bd3 Bd6 11. Qc2 h6 12. O-O O-O 13. Ne5 c5 14. Nf3 Nc6 15.
dxc5 Nb4 16. Qe2 Bxc5 17. Bb1 b5 18. a3 Nc6 19. Qc2 g6 20. Nxb5 axb5 21. Qxc5
Qd7 22. Qxb5 Rb8 23. Qe2 Bg4 24. h3 Bxf3 25. Qxf3 Rxb2 26. Rd1 d4 27. Be4 Ne5
28. Qf6 Qe8 29. Rxd4 Re7 30. Rad1 Kh7 31. Rd8 Nd7 32. R1xd7 1-0

[Event "FIDE World Bl Team Pool A"]
[Site "London ENG"]
[Date "2025.06.14"]
[Round "11.6"]
[White "Grose, Kameron"]
[Black "Araya Fuentes, Cristian"]
[Result "0-1"]
[WhiteElo "1907"]
[BlackElo "1921"]
[WhiteTeam "ChessbrahTV"]
[BlackTeam "The MongolZ"]
[WhiteFideId "474010"]
[BlackFideId "6502946"]
[EventDate "2025.06.14"]
[EventType "team"]

1. e4 c6 2. Nf3 d5 3. Nc3 Bg4 4. h3 Bxf3 5. Qxf3 Nf6 6. e5 Nfd7 7. d4 e6 8. Ne2
c5 9. c3 Nc6 10. g3 Qb6 11. Qd3 Rc8 12. Bg2 cxd4 13. cxd4 Nb4 14. Qd1 Nc2+ 15.
Kf1 Nxa1 16. Nc3 Bb4 17. Bd2 Qa6+ 18. Kg1 Qd3 19. Qxa1 Qxd2 20. Kh2 Bxc3 21.
bxc3 Qxc3 22. Qb1 Nb6 23. Qb5+ Qc6 24. Qa5 O-O 25. Bf1 a6 26. Bg2 Nc4 27. Qc3 b5
28. h4 a5 29. h5 b4 30. Qf3 Nd2 31. Qg4 Qc2 32. f4 Qf5 33. Qe2 Ne4 34. Bh3 Nc3 0-1

[Event "FIDE World Bl Team Pool A"]
[Site "London ENG"]
[Date "2025.06.14"]
[Round "11.1"]
[White "Sava, Robert-Gabriel"]
[Black "Eren, Ataberk"]
[Result "1-0"]
[WhiteTitle "CM"]
[BlackTitle "IM"]
[WhiteElo "2121"]
[BlackElo "2423"]
[WhiteTeam "xChess.AI"]
[BlackTeam "Satranc Istanbul"]
[WhiteFideId "1265725"]
[BlackFideId "6349765"]
[EventDate "2025.06.14"]
[EventType "team"]

1. b4 h6 2. Bb2 e6 3. b5 Nf6 4. e3 a6 5. a4 c5 6. Nf3 d5 7. c4 Be7 8. Be2 O-O 9.
O-O Nbd7 10. d3 Qc7 11. Nbd2 b6 12. Qc2 a5 13. Bc3 Bb7 14. Qb2 Rad8 15. Ne5 Nxe5
16. Bxe5 Bd6 17. Bxd6 Qxd6 18. Nf3 Rfe8 19. Rfd1 d4 20. exd4 cxd4 21. Qa3 e5 22.
Qxd6 Rxd6 23. c5 bxc5 24. Nd2 Bd5 25. Rdc1 Rc8 26. Bf3 Be6 27. Re1 Nd7 28. Bc6
f6 29. Bxd7 Rxd7 30. f4 Bf5 31. Nc4 Re7 32. Nxa5 e4 33. dxe4 Rxe4 34. Nc4 d3 35.
Rxe4 Bxe4 36. Nd6 c4 37. Nxe4 c3 38. Nxc3 Rxc3 39. Kf2 Rc2+ 40. Ke3 1-0

[Event "FIDE World Bl Team Pool A"]
[Site "London ENG"]
[Date "2025.06.14"]
[Round "11.2"]
[White "Makaraci, Tunahan"]
[Black "Rusu, Lucas"]
[Result "0-1"]
[WhiteTitle "FM"]
[WhiteElo "2233"]
[BlackElo "2038"]
[WhiteTeam "Satranc Istanbul"]
[BlackTeam "xChess.AI"]
[WhiteFideId "6356559"]
[BlackFideId "42206472"]
[EventDate "2025.06.14"]
[EventType "team"]

1. e4 c5 2. Nf3 e6 3. c3 Nf6 4. e5 Nd5 5. d4 cxd4 6. cxd4 d6 7. Bc4 Nc6 8. O-O
Be7 9. Qe2 O-O 10. Re1 a6 11. Nc3 Nxc3 12. bxc3 dxe5 13. dxe5 Qc7 14. Qe4 b5 15.
Bd3 g6 16. Bg5 Rd8 17. Rad1 Bb7 18. Qh4 Rd5 19. Bxe7 Qxe7 20. Qh6 Qf8 21. Qf4
Rad8 22. Bc2 Rxd1 23. Rxd1 Rxd1+ 24. Bxd1 Qd8 25. Bb3 Qd3 26. h4 Qxc3 27. h5
gxh5 28. Qg5+ Kf8 29. Qxh5 Nd4 30. Qh6+ Ke8 31. Nxd4 Qxd4 32. Qxh7 Qa1+ 33. Kh2
Qxe5+ 34. g3 Qf6 35. Qc2 Qf3 36. Kh3 Qh1+ 37. Kg4 Qf3+ 38. Kh4 Qf6+ 39. Kh5 Bf3+
40. g4 Qh8+ 41. Kg5 Qg7+ 42. Kf4 Qxg4+ 43. Ke5 Qf5+ 44. Kd6 Qf4+ 45. Kc5 Qc7+
46. Kb4 Qd6+ 47. Ka5 Bb7 48. Qh7 Qc7+ 49. Kb4 Bc6 50. Qg8+ Ke7 51. Qg5+ Kd7 52.
Qd2+ Kc8 53. Qg5 a5+ 54. Ka3 b4+ 55. Kb2 Kb7 56. Bc4 Qd6 57. Qxa5 Qd4+ 58. Kb3
Qc3# 0-1

[Event "FIDE World Bl Team Pool A"]
[Site "London ENG"]
[Date "2025.06.14"]
[Round "11.3"]
[White "Badescu, Matei-Andrei"]
[Black "Eken, Atakan"]
[Result "0-1"]
[WhiteElo "1947"]
[BlackElo "2010"]
[WhiteTeam "xChess.AI"]
[BlackTeam "Satranc Istanbul"]
[WhiteFideId "42213096"]
[BlackFideId "6375626"]
[EventDate "2025.06.14"]
[EventType "team"]

1. e4 c6 2. d4 d5 3. exd5 cxd5 4. Bd3 Nc6 5. c3 Nf6 6. Bf4 g6 7. h3 Bf5 8. Be2
Bg7 9. Nf3 O-O 10. O-O a6 11. Nbd2 b5 12. Nb3 Ne4 13. Bd3 Na5 14. Bxe4 Bxe4 15.
Nc5 Bxf3 16. Qxf3 e6 17. Rfe1 Nc4 18. Qe2 Nd6 19. Rad1 Re8 20. Nd3 Rc8 21. Nc5
Rc6 22. Nd3 Ne4 23. Be5 Bf8 24. Qe3 Qh4 25. f3 Ng3 26. Qf2 Nf5 27. Qxh4 Nxh4 28.
Kf2 Nf5 29. g4 Nd6 30. h4 Nc4 31. Bg3 Bg7 32. Re2 a5 33. Ne5 Nxe5 34. Bxe5 Bxe5
35. Rxe5 b4 36. Re3 Rec8 37. Rc1 Kf8 38. Kg3 Rc4 39. Rd3 a4 40. Kf2 Ke7 41. Ke2
bxc3 42. Rdxc3 Rxc3 43. Rxc3 Rb8 44. Rc2 Kd6 45. Kd3 f5 46. g5 e5 47. dxe5+ Kxe5
48. Re2+ Kf4 49. Kc3 Kxf3 50. Re7 Kg3 51. Rxh7 f4 52. Rg7 f3 53. Rxg6 f2 54. Rf6
Rh8 55. g6 Rxh4 56. g7 Rg4 57. Rf7 Kg2 58. Kd3 f1=Q+ 59. Rxf1 Kxf1 60. b3 axb3
61. axb3 Rxg7 62. Kd4 Rb7 63. Kxd5 Rxb3 64. Kc6 Ke2 65. Kc5 Kd3 66. Kd5 Rb5+ 0-1

[Event "FIDE World Bl Team Pool A"]
[Site "London ENG"]
[Date "2025.06.14"]
[Round "11.4"]
[White "Tahaoglu, Ugur Barkin"]
[Black "Sava, Christiansen-Danut-Eugen"]
[Result "1-0"]
[BlackTitle "FM"]
[WhiteElo "2015"]
[BlackElo "2002"]
[WhiteTeam "Satranc Istanbul"]
[BlackTeam "xChess.AI"]
[WhiteFideId "6303331"]
[BlackFideId "1210114"]
[EventDate "2025.06.14"]
[EventType "team"]

1. d4 b5 2. e4 Bb7 3. Bd3 Nf6 4. Qe2 e6 5. Nf3 a6 6. a4 b4 7. Nbd2 c5 8. c3 cxd4
9. cxd4 Be7 10. O-O Nc6 11. e5 Nd5 12. Ne4 d6 13. exd6 Bxd6 14. Nxd6+ Qxd6 15.
Qe4 Nf6 16. Qh4 Ne7 17. Bf4 Qb6 18. a5 Qd8 19. Bg5 Bxf3 20. Bxf6 gxf6 21. Qxf6
Rg8 22. Qxf3 Nd5 23. Be4 Qg5 24. Rfe1 Kd7 25. Bxd5 Qxd5 26. Qxf7+ Kd6 27. g3
Raf8 28. Qa7 Ra8 29. Qb6+ Ke7 30. Qc7+ Kf6 31. Qxh7 Raf8 32. Qh4+ Kf7 33. Rac1
Qd6 34. Re5 Rc8 35. Rce1 Rg6 36. Qh7+ Kf6 37. Rxe6+ Qxe6 38. Rxe6+ Kxe6 39.
Qxg6+ Kd7 40. Qxa6 Rc1+ 41. Kg2 Rc7 1-0

[Event "FIDE World Bl Team Pool A"]
[Site "London ENG"]
[Date "2025.06.14"]
[Round "11.5"]
[White "Badescu, Eliza-Ioana"]
[Black "Kalender, Murat Emre"]
[Result "0-1"]
[WhiteElo "1832"]
[BlackElo "1782"]
[WhiteTeam "xChess.AI"]
[BlackTeam "Satranc Istanbul"]
[WhiteFideId "42214890"]
[BlackFideId "34531815"]
[EventDate "2025.06.14"]
[EventType "team"]

1. e4 Nf6 2. e5 Nd5 3. d4 d6 4. c4 Nb6 5. exd6 cxd6 6. Nc3 g6 7. h3 Bg7 8. Nf3
Bf5 9. Be3 O-O 10. Rc1 d5 11. c5 Nc8 12. g4 Be4 13. Bg2 Bxf3 14. Bxf3 e6 15. Bf4
Nc6 16. Be3 N8e7 17. h4 f5 18. Ne2 Qc7 19. Qd2 fxg4 20. Bxg4 Nf5 21. Bxf5 exf5
22. Nf4 Qd7 23. b4 a6 24. a4 Rae8 25. Kf1 Re4 26. Ne2 Rfe8 27. Re1 Na7 28. Qb2
Qxa4 29. Nc3 Qd7 30. Nxe4 Rxe4 31. f3 Re8 32. Kf2 Nc6 33. Rd1 Qf7 34. Rhe1 f4
35. Bc1 Rd8 36. Re2 Qf6 37. Red2 Qxh4+ 38. Kf1 Qh1+ 39. Kf2 Qh4+ 40. Kf1 Qg3 41.
Rf2 Re8 42. Re1 Qh3+ 43. Rg2 Qh1+ 44. Rg1 Qxf3+ 45. Qf2 Qd3+ 46. Kg2 Rf8 47. Bb2
f3+ 48. Kh1 Qf5 49. Rg3 Qh5+ 50. Qh2 Qf5 51. Qh3 Qc2 52. Qh2 f2 53. Rf1 Qxb2 54.
Qg2 Nxd4 55. Qxd5+ Kh8 56. Rh3 Qe2 57. Kg2 Qg4+ 58. Rg3 Qf4 59. Qc4 Qe4+ 60. Kh2
Nf3+ 61. Rxf3 Qxc4 62. Rxf8+ Bxf8 63. Rxf2 Qh4+ 64. Kg2 Kg7 65. Kf1 Qc4+ 66. Re2
Qxb4 67. Kf2 Bxc5+ 68. Kg2 Qg4+ 69. Kh2 Qxe2+ 70. Kh1 Qh5+ 71. Kg2 Be7 72. Kf2
Qh3 73. Ke2 a5 74. Kd2 Qb3 75. Ke2 a4 76. Kf2 a3 77. Kg2 a2 0-1

[Event "FIDE World Bl Team Pool A"]
[Site "London ENG"]
[Date "2025.06.14"]
[Round "11.6"]
[White "Demir, Aleyna"]
[Black "Platschek, Luca"]
[Result "0-1"]
[WhiteElo "1651"]
[BlackElo "1626"]
[WhiteTeam "Satranc Istanbul"]
[BlackTeam "xChess.AI"]
[WhiteFideId "6378323"]
[BlackFideId "1289888"]
[EventDate "2025.06.14"]
[EventType "team"]

1. e4 a6 2. d4 b5 3. Nf3 Bb7 4. d5 Nf6 5. Bd3 e6 6. dxe6 dxe6 7. Bg5 Be7 8. Nbd2
O-O 9. O-O c5 10. Re1 c4 11. Bxf6 Bxf6 12. Be2 Bxb2 13. Rb1 Bc3 14. Rf1 Qc7 15.
h3 Nd7 16. Nh2 Nc5 17. Ng4 Rad8 18. Qc1 Bxd2 19. Qa3 b4 20. Qb2 Bc3 21. Qc1 Bxe4
22. Qg5 Bg6 23. Bxc4 Ne4 24. Qe3 Qxc4 25. f3 Bd4 0-1

[Event "FIDE World Bl Team Pool A"]
[Site "London ENG"]
[Date "2025.06.14"]
[Round "11.1"]
[White "Eilenberg, Jonas"]
[Black "Dudin, Gleb"]
[Result "0-1"]
[WhiteTitle "FM"]
[BlackTitle "GM"]
[WhiteElo "2316"]
[BlackElo "2574"]
[WhiteTeam "Berlin Lasker Legends"]
[BlackTeam "Global Ramblers"]
[WhiteFideId "16204271"]
[BlackFideId "34184934"]
[EventDate "2025.06.14"]
[EventType "team"]

1. d4 Nf6 2. c4 e6 3. Nc3 Bb4 4. Qc2 Qe7 5. Bd2 Nc6 6. Nf3 d6 7. a3 Bxc3 8. Bxc3
O-O 9. e3 e5 10. dxe5 dxe5 11. Be2 Bg4 12. O-O a5 13. h3 Bh5 14. Nxe5 Nxe5 15.
Bxh5 Nxh5 16. Qf5 Nxc4 17. Qxh5 Qe6 18. Rad1 h6 19. Rd4 Nd6 20. Rg4 f6 21. Qg6
Rf7 22. Rd1 b6 23. Rh4 Kf8 24. Rhd4 Re8 25. Rd5 Qe4 26. Qxe4 Rxe4 27. Kf1 Ke8
28. Ke2 Rd7 29. Kf3 Ree7 30. h4 Nb5 31. Be1 Rxd5 32. Rxd5 Nd6 33. g4 Kd7 34. g5
hxg5 35. hxg5 c5 36. gxf6 gxf6 37. Bc3 Kc6 38. Rh5 Ne4 39. Rf5 Re6 40. Be1 a4
41. Kf4 Kb5 42. f3 Nd6 43. Rd5 Nc4 44. e4 Nxb2 45. Kf5 Rc6 46. f4 Nc4 47. Rd3
Nd6+ 48. Kxf6 Nxe4+ 49. Ke5 c4 50. Rd5+ Nc5 51. f5 c3 52. Bxc3 Kc4 53. Bb4 Nd3+
54. Ke4 Nf2+ 55. Ke5 Ng4+ 56. Kf4 Kxd5 57. Kxg4 Ke5 58. Kg5 Rc2 59. Kg4 Rg2+ 60.
Kf3 Rg1 61. Kf2 Rg4 62. Ke3 Kxf5 63. Kd3 Ke6 64. Kc3 Ke5 0-1

[Event "FIDE World Bl Team Pool A"]
[Site "London ENG"]
[Date "2025.06.14"]
[Round "11.2"]
[White "Shabalov, Alexander"]
[Black "Yatskar, Martin"]
[Result "1-0"]
[WhiteTitle "GM"]
[BlackTitle "CM"]
[WhiteElo "2483"]
[BlackElo "2225"]
[WhiteTeam "Global Ramblers"]
[BlackTeam "Berlin Lasker Legends"]
[WhiteFideId "2008572"]
[BlackFideId "34109676"]
[EventDate "2025.06.14"]
[EventType "team"]

1. e4 e5 2. Nf3 Nc6 3. d4 exd4 4. Nxd4 Nf6 5. Nxc6 bxc6 6. e5 Qe7 7. Qe2 Nd5 8.
h4 Qe6 9. c4 Nb6 10. b3 d5 11. exd6 cxd6 12. Nc3 g6 13. Bb2 Bg7 14. O-O-O Qxe2
15. Bxe2 Be5 16. g3 d5 17. cxd5 cxd5 18. Nxd5 Bxb2+ 19. Kxb2 O-O 20. Ne7+ Kg7
21. Nxc8 Raxc8 22. Bf3 Rc5 23. Rhe1 Rfc8 24. Re2 R5c7 25. Rdd2 h5 26. Rc2 Kf6
27. Rxc7 Rxc7 28. Rc2 Re7 29. a4 Nd7 30. Rc6+ Kf5 31. Rc7 a5 32. Kc3 Kf6 33. b4
axb4+ 34. Kxb4 Ne5 35. Rxe7 Kxe7 36. Be2 Kd6 37. Kb5 Nc6 38. Kb6 Nd4 39. Bc4 f6
40. a5 g5 41. a6 1-0

[Event "FIDE World Bl Team Pool A"]
[Site "London ENG"]
[Date "2025.06.14"]
[Round "11.3"]
[White "Kunz, Andre"]
[Black "Glek, Igor"]
[Result "0-1"]
[WhiteTitle "CM"]
[BlackTitle "GM"]
[WhiteElo "2128"]
[BlackElo "2444"]
[WhiteTeam "Berlin Lasker Legends"]
[BlackTeam "Global Ramblers"]
[WhiteFideId "24623652"]
[BlackFideId "4100484"]
[EventDate "2025.06.14"]
[EventType "team"]

1. e4 c5 2. c3 e6 3. d4 d5 4. exd5 Qxd5 5. Nf3 a6 6. Bd3 Nf6 7. O-O Be7 8. Be3
Nbd7 9. Qe2 O-O 10. c4 Qd6 11. Nc3 b6 12. Rad1 Bb7 13. dxc5 Qc7 14. cxb6 Nxb6
15. b3 Ng4 16. Bxb6 Qxb6 17. Be4 Nf6 18. Bxb7 Qxb7 19. Rd3 Rfd8 20. Rfd1 Rxd3
21. Rxd3 h6 22. h3 Bb4 23. Na4 a5 24. Qe5 Rc8 25. Qd4 Ne4 26. Qd7 Rc7 27. Qd8+
Kh7 28. Qd4 Nc5 29. Nxc5 Bxc5 30. Qf4 Rd7 31. Rxd7 Qxd7 32. Qd2 Qc7 33. Kf1 g6
34. Qd3 Qa7 35. Qd2 Qc7 36. g3 Qc6 37. Kg2 Qe4 38. h4 Bb4 39. Qe3 Qb7 40. Qf4
Kg7 41. h5 g5 42. Qe5+ Kh7 43. Qf6 Bf8 44. Kg1 Bg7 45. Qd8 Qxf3 46. Qd7 Qxh5 47.
Kg2 g4 48. Qd2 Qf5 49. a3 h5 50. b4 axb4 51. axb4 Bf8 52. c5 Qd5+ 53. Qxd5 exd5
54. f4 Kg6 55. Kf2 Kf5 56. Ke3 Ke6 57. Kd4 Bg7+ 58. Ke3 f5 59. b5 d4+ 60. Kd3
Kd5 61. c6 Kd6 62. Kc4 h4 0-1